Hlavní globálni aktéri a vývoj ich postavenia v odvetví pivovarníctva diplomová práca

Uložené v:
Podrobná bibliografia
Hlavný autor: Biela, Katarína
Korporativný autor: Obchodná fakulta EU. Katedra medzinárodného obchodu
Ďalší autori: Krajčík, Daniel, 1981-
Médium: Kniha
Jazyk:Slovak
Vydavateľské údaje: Bratislava 2019
Tagy: Pridať tag
Žiadne tagy, Buďte prvý, kto otaguje tento záznam!

MARC

LEADER 00000nbm a2200000 4500
001 0253901
005 20191004134541.8
041 0 |a slo 
044 |a SK 
245 1 0 |a Hlavní globálni aktéri a vývoj ich postavenia v odvetví pivovarníctva  |b diplomová práca  |c Katarína Biela ; školiteľ: Daniel Krajčík 
264 1 |a Bratislava  |c 2019 
300 |a 83 s. 
100 1 |a Biela, Katarína 
700 1 |a Krajčík, Daniel, 1981- 
710 2 |a Obchodná fakulta EU. Katedra medzinárodného obchodu